Vista normal
Vista MARC
Entrada Topical Term
Número de registros utilizados en: 2
001 - CONTROL NUMBER
- control field: 9317
003 - CONTROL NUMBER IDENTIFIER
- control field: OSt
005 - DATE AND TIME OF LATEST TRANSACTION
- control field: 20230915225941.0
008 - FIXED-LENGTH DATA ELEMENTS
- fixed length control field: 230915|| aca||aabn | a|a d
040 ## - CATALOGING SOURCE
- Original cataloging agency: OSt
- Transcribing agency: OSt
150 ## - HEADING--TOPICAL TERM
- Topical term or geographic name entry element: América - DESCUBRIMIENTO, CONQUISTA Y EXPLORACIONES
670 ## - SOURCE DATA FOUND
- Source citation: Work cat.: (OSt)20616: MOLINARI, DIEGO LUIS 9316, Descubrimiento y conquista de América : , EUDEBA